000 00603cas a22002175a 4500
001 L148
008 070717c1987 xxcqr p 0 a0eng
022 1 _a0836-6179
035 _a(Sirsi) u98786
041 1 _aeng
_bfre
110 2 _aCanadian Institute of Quantity Surveyors
_91896
245 0 0 _aConstruction Economist
_bthe Journal of the Canadian Institute of Quantity Surveyors
260 3 _aToronto
_bCIQS
_c1987-
362 _a1(1) June 1987-
554 _aFour per year
651 4 _aCanada
690 _aQuantity surveying
_96263
780 0 0 _tCipher
942 _n0
948 _c10/05/1994
999 _c118523
_d118523